| 000 | 00590nam a2200181Ia 4500 | ||
|---|---|---|---|
| 999 |
_c30914 _d30914 |
||
| 003 | GCL | ||
| 005 | 20240530102242.0 | ||
| 008 | 140319s9999 xx 000 0 ara d | ||
| 040 |
_aGCL / _cGCL |
||
| 082 | 0 | 4 |
_a214.999 _bص ع |
| 100 | 1 | _aصلاح الدين بسيونى رسلان | |
| 245 | 1 | 0 |
_aالعلم فى منظوره الاسلامى / _cصلاح الدين بسيونى رسلان |
| 260 |
_a[S.N] : _bدار الثقافة للنشر والتوزيع ، _c1985 |
||
| 300 | _a101 ص | ||
| 650 | 0 | 4 | _aالاسلام |
| 650 | 0 | 4 | _aالاسلام والعلم |
| 942 |
_2ddc _cBK |
||